Gemeinden im Landkreis Rastatt - Statistiken

Allgemein
  • Dieses Quiz wurde 64 mal gespielt
  • Das Durchschnittsergebnis liegt bei 12 aus 23
Antwortstatistiken
% Korrekt
Gaggenau
74%
Rastatt
71%
Kuppenheim
68%
Gernsbach
65%
Ötigheim
61%
Au am Rhein
58%
Bietigheim
58%
Bühl
55%
Durmersheim
55%
Iffezheim
55%
Sinzheim
55%
Steinmauern
52%
Hügelsheim
48%
Muggensturm
48%
Bischweier
45%
Forbach
45%
Rheinmünster
45%
Weisenbach
42%
Bühlertal
39%
Lichtenau
39%
Elchesheim-Illingen
29%
Loffenau
29%
Ottersweier
29%
Keine übereinstimmenden Quizze gefunden
Verteilung der Resultate
Anzahl Personen mit jedem Resultat
Perzentil nach korrekt beantworteten Fragen
Ihre Resultats-Entwicklung
Sie haben dieses Quiz noch nicht gespielt